MDQL
is popping MORE tags! Check the
thread
!
Quizzes
Events
Quiz Creation
Community
Videos
Private Events
Remove Ads
Sign In
Join for FREE
Feedback
Dark Mode
Quiz Categories
Sports
Geography
Music
Movies
Television
Just For Fun
Miscellaneous
History
Literature
Language
Science
Gaming
Entertainment
Religion
Holiday
For Kids
Quiz Lab
Recent
Popular Today
Quiz Kudos Today
Editor Picks
Curator Picks
Quizzes by...
Day
Popularity
Type
Ratings
Length
Year
Community
Subscriptions
Recent Discussions
Orange Saloon
Badges
Playlists
Quests
Create
Leaderboards
Showdown
Live 5
Trivia Bingo
Activity
Puzzle Library
Sporcle Events
Private Events
Virtual Trivia
Globe League
Become a Host
Pub Owners
SporcleCon
Opinionation
Our Games
Videos
Blog
Mobile Apps
Partnerships
Remove Ads and Go Orange
Feedback
Movies
Disney
Marvel Cinematic Universe
Movie Resume
Movie Titles
Oscar
Actor
Actress
Director
Pixar
Role
Movie Quotes
Movie Characters
Box Office
Nominee
Best Picture
Star Wars
James Bond
Horror Movies
Movies
Disney
Marvel Cinematic Universe
Movie Resume
Movie Titles
Oscar
Actor
Actress
Director
Pixar
Role
Movie Quotes
Movie Characters
Box Office
Nominee
Best Picture
Star Wars
James Bond
Horror Movies
Random Quiz
Search Sporcle
×
Quiz Lab
Quiz Lab
Movies
Box Office
Type in answers that appear in a list
Type in answers that appear in a list
Classic
Best Score? Go Orange.
Highest Grossing Documentaries (2011 Update) Stats
Can you name the Highest Grossing Documentaries (US)?
By
CharlieBrown
5m
20 Questions
103 Plays
103 Plays
103 Plays
Comments
Comments
Give Quiz Kudos
Give Quiz Kudos
-
- Ratings
hide this ad
Replay
Link that replays current quiz
Next Quiz
Link to next quiz in quiz playlist
You Got
0%
They Got
Avg Score
28%
Avg Friend Score
Upgrade to see
Score Distribution
Jump to the score distribution portion of the page
Score
0/20
Timer
05:00
0
Plays Today
Rank
Movie
% Correct
7
Bowling for Columbine
68.9%
1
Fahrenheit 9|11
68%
2
March of the Penguins
59.2%
5
Sicko
52.4%
6
An Inconvenient Truth
46.6%
4
Earth
36.9%
14
Super Size Me
35%
20
Roger and Me
33%
16
Hoop Dreams
30.1%
12
Religulous
29.1%
Rank
Movie
% Correct
11
Capitalism: A Love Story
25.2%
8
Oceans
16.5%
10
African Cats
13.6%
13
Winged Migration
12.6%
3
Justin Bieber: Never Say Never
9.7%
9
Madonna: Truth or Dare
8.7%
17
Expelled: No Intelligence Allowed
7.8%
19
Babies
7.8%
15
Mad Hot Ballroom
3.9%
18
Tupac: Resurrection
3.9%
Quiz Playlist
Details
Report
Send in Message
Add To Playlist
Classic:
Type in answers that appear in a list
Quiz Source
Last Updated: Feb 16, 2017
Quiz Scoreboard
CHALLENGE
Sign Up to Join the Scoreboard
Show All
Scores
Hide
Comments
May contain spoilers
Recently Published
Holiday 10x10 Sorting Gallery
by lukepisani3
Holiday
15m
Two Season TV Shows II
by 123Four
Television
10m
Image Sorting: Flags VI
by Barbecue
Geography
2m
More to Explore
Quiz From the Vault
Featured Blog Post
14 Easter Pick-up Lines to Find Eggs With
hide this ad
You Might Also Like...
Tags
Box Office Quiz
documentary
Highest Grossing
Today's Top Quizzes in Movies
Browse Movies
hide this ad
Today's Top Quizzes in Box Office
Browse Box Office
Top Contributed Quizzes in Movies
1
The ultimate James Bond movie quiz
2
Find The 'Big' Movie
3
Find The 'Wild' Movie
4
Find The 'Blue' Movie
5
Movies By Plot
6
Hidden Star Wars Character II
7
25 Best Actor Nominees (1990s)
8
Hidden Star Wars Character III
9
😉 2024 Oscar Nominees by Emoji
10
Hidden Star Wars Character IV
Explore More
Trending Topics
Crossword
Kpop
Disney
Anime
NBA
Harry Potter
Marvel
The Office
Soccer
WWE
NFL
Puzzle
Country
Pokémon
Song
hide this ad
More By:
CharlieBrown
Quiz
Plays
Rating
Category
Featured
Created
Razzie Worst Actor Winners
48,480
4.49
Movies
Sep 23, 2009
Highest-Grossing Documentaries
39,025
3.30
Movies
Oct 4, 2009
Worst Actress Razzie Winners
847
4.00
Movies
Oct 20, 2009
1001 Movies (2000s)
841
3.25
Movies
Sep 30, 2009
Top 20 Grossing Films Never To Reach #1
800
3.71
Movies
Sep 26, 2009
Go to Creator's Profile
Score Distribution
Quiz Creator Spotlight
CharlieBrown
Follow
Send a Message
Quizzes Created
-
Created Quiz Play Count
-
More By This Creator
Popular Quizzes Today
1
Find the US States - No Outlines Minefield
2
Colored Red Africa Blitz
3
Find the 'City' Movie
4
The Countries of the World
5
Find the US States
6
5x2 Blitz: Bands
7
Find the Countries of Europe - No Outlines Minefield
8
US States
More Movies Quizzes
Movie by Difficulty
Published
Trending Quizzes
Colored Red Europe Blitz I
Colored Red Europe Blitz II
Colored Red Africa Blitz II
Colored Red Europe Blitz III
Colored Red Africa Blitz III
Recently Updated
Odd Team Out - Big 4 Players
pecheneg
Quick Pick: 20 Twenties
pecheneg
March Madness Men's Triple Doubles
pecheneg
How Do You Spell That?
pecheneg
Godzilla Movies
pecheneg
Grab Bag: 4-10 Letters
pecheneg
2024 March Madness Bracket
pecheneg
Famous TV Couples
Peacemaker
Champions League XIs: Real Madrid
pecheneg
Largest US Cities 1790-2010
pecheneg
Trending Topics
Anime
NBA
Harry Potter
Marvel
Kpop
Disney
Crossword
The Office
WWE
Soccer
Song
Puzzle
Country
NFL
Pokémon
Your Account Isn't Verified!
In order to create a playlist on Sporcle, you need to verify the email address you used during registration. Go to your
Sporcle Settings
to finish the process.
Report this User
Report this user for behavior that violates our
Community Guidelines
.
Details:
Send Report
Go to the Sporcle.com Mobile Site →
Comments